00352 2200145 4500001002100000005001500021035002000036245004100056100001800097250000600115260003800121082000800159084001400167990002500181INLIS00000000000243920250604102023 a0010-06250000251 aJalan Tak Ada Ujung /cMochtar Lubis0 aMochtar Lubis a1 aJakarta :bYayasan Pustaka,c2001 a813 a813 MOC j a02.19000 s/d 02.1909